000 00238nam a2200097Ia 4500
008 240331s9999 xx 000 0 und d
082 _bWAN
100 _aWanasundara, L
245 0 _aWomen of Sri Lanka :
_bn annotated bibliography
942 _cL
999 _c1793
_d1793